000 00472nam a2200193Ia 4500
005 20250423101444.0
008 250422s9999 xx 000 0 und d
020 _a0131432737
050 _aHC 106 .S85/
100 _aAdams, Walter
245 4 _aThe structure of American industry
250 _a11th. ed.
260 _aUpper Saddle River
260 _bPrentice Hall
260 _cc2001
300 _a326 p
650 _aIndustries --United States.
942 _cBK
999 _c36345
_d36345